000 00357nam a22001457a 4500
999 _c4734
_d4734
008 200824b ||||| |||| 00| 0 eng d
082 0 0 _a537
_bK321
100 _91932
_aKemp
245 1 0 _aElectricity and general magnetism
_cby Kemp
260 _aBrighton
_bKandy
_c1960
300 _a80 p.
365 _d5.20
650 0 _aElectrical Engineering
942 _cBK